000 00600cam a22001694a 4500
020 _a0195978838
082 _a954.91
_bASG
_cN-01, P-146
100 1 _aAsghar Khan, Mohammad,
_946359
245 1 0 _aWe've learnt nothing from history :
_bPakistan, politics and military power /
_cM. Asghar Khan.
260 _aKarachi :
_bOxford University Press,
_c2005.
300 _axviii, 306 p. :
_bill. ;
_c23 cm.
500 _aIncludes index.
526 _a0
_b0
_c0
_d954_910000000000000_ASG
650 _aNUST
_96342
856 4 2 _uhttp://www.loc.gov/catdir/enhancements/fy0724/2005332249-d.html
942 _2ddc
_cBK
999 _c549707
_d549707